| 000 | 00424nam a2200157Ia 4500 | ||
|---|---|---|---|
| 003 | GCL | ||
| 008 | 140319s9999 xx 000 0 eng d | ||
| 040 |
_aGCL / _cGCL |
||
| 082 | 0 | 4 |
_a771.3 _bG C |
| 100 | 1 | _aGOLDBERG, NORMAN | |
| 245 | 1 | 0 |
_aCAMERA TECHNOLOGY: THE DARK SIDE OF THE LENS / _cGOLDBERG, NORMAN |
| 260 |
_a[S.N] : _bACADEMIC PRESS LIMITED. ، _c1992 |
||
| 300 | _a309 P | ||
| 650 | 0 | 4 | _aCAMERAS |
| 942 |
_2ddc _cBK |
||
| 999 |
_c23162 _d23162 |
||